<?xml version="1.0" encoding="UTF-8"?>
<record
    xmlns:xsi="http://www.w3.org/2001/XMLSchema-instance"
    xsi:schemaLocation="http://www.loc.gov/MARC21/slim http://www.loc.gov/standards/marcxml/schema/MARC21slim.xsd"
    xmlns="http://www.loc.gov/MARC21/slim">

  <leader>01447nam a2200145   4500</leader>
  <controlfield tag="008">026.7 B275c</controlfield>
  <datafield tag="020" ind1=" " ind2=" ">
    <subfield code="a">9786079760533</subfield>
  </datafield>
  <datafield tag="082" ind1=" " ind2=" ">
    <subfield code="a">026.7</subfield>
    <subfield code="b">B275c</subfield>
  </datafield>
  <datafield tag="100" ind1=" " ind2=" ">
    <subfield code="a">Ar&#xE9;chiga Mantilla, Sol et al</subfield>
    <subfield code="9">7140</subfield>
  </datafield>
  <datafield tag="245" ind1=" " ind2=" ">
    <subfield code="a">Archivos Fuera de Lugar:</subfield>
    <subfield code="b">Circuitos expositivos, digitales y comerciales del documento</subfield>
  </datafield>
  <datafield tag="260" ind1=" " ind2=" ">
    <subfield code="a">M&#xE9;xico</subfield>
    <subfield code="b">Taller de Ediciones Econ&#xF3;micas</subfield>
    <subfield code="c">2017</subfield>
  </datafield>
  <datafield tag="300" ind1=" " ind2=" ">
    <subfield code="a">236 p.</subfield>
    <subfield code="b">il. </subfield>
    <subfield code="c">21 x 14 cm</subfield>
  </datafield>
  <datafield tag="505" ind1=" " ind2=" ">
    <subfield code="t">Introducci&#xF3;n</subfield>
    <subfield code="r">Sof&#xED;a Carrillo Herrer&#xED;as</subfield>
    <subfield code="t">Custodiar el futuro. Archivo, inventario y memoria del arte latinoamericano</subfield>
    <subfield code="t">Algunas anotaciones sobre museos, redes y el legado de Walter Zanini en Brasil </subfield>
    <subfield code="r">Cristina Freire </subfield>
    <subfield code="t">Sobre la contundencia del arkh&#xE9;, el ICAA y el desdoblamiento del arte latinoamericano </subfield>
    <subfield code="r">Mar&#xED;a C. Gaztambide </subfield>
    <subfield code="t">Mesa de discusi&#xF3;n</subfield>
    <subfield code="r">Diego Flore Mag&#xF3;n, Francisco Reyes Palma, M&#xF3;nica Mayer, Sol Henaro </subfield>
    <subfield code="t">R&#xE9;plicas y emplazamientos. El documento en el espacio expositivo</subfield>
    <subfield code="t">Po&#xE9;ticas del resto </subfield>
    <subfield code="r">Gustavo Buntinx</subfield>
    <subfield code="t">Mesa de discusi&#xF3;n</subfield>
    <subfield code="r">Pilar Garc&#xED;a, Julio Garc&#xED;a Murillo, Giacomo Castagnola, Joaqu&#xED;n Barriendos</subfield>
    <subfield code="t">Archivos/activos. Las galer&#xED;as de arte y la comercializaci&#xF3;n de documentos </subfield>
    <subfield code="t">Dilemas de la documentaci&#xF3;n </subfield>
    <subfield code="r">Martha Wilson </subfield>
    <subfield code="t">Qu&#xE9; es archivo y qu&#xE9; es memoria </subfield>
    <subfield code="r">Carla Stellweg </subfield>
    <subfield code="t">Mesa de discusi&#xF3;n </subfield>
    <subfield code="r">Ana Gardu&#xF1;o, Ricardo Ocampo, Henrique Far&#xED;a </subfield>
    <subfield code="t">Colaboradores</subfield>
  </datafield>
  <datafield tag="650" ind1=" " ind2=" ">
    <subfield code="x">archivos - arte</subfield>
    <subfield code="x">arte - archivos - latinoamerica </subfield>
    <subfield code="x">archivos - museos - redes</subfield>
    <subfield code="x">archivos - memoria</subfield>
    <subfield code="x">archivos - documentaci&#xF3;n </subfield>
    <subfield code="9">7142</subfield>
  </datafield>
  <datafield tag="999" ind1=" " ind2=" ">
    <subfield code="c">1832</subfield>
    <subfield code="d">1832</subfield>
  </datafield>
  <datafield tag="952" ind1=" " ind2=" ">
    <subfield code="0">0</subfield>
    <subfield code="1">0</subfield>
    <subfield code="2">ddc</subfield>
    <subfield code="4">0</subfield>
    <subfield code="7">0</subfield>
    <subfield code="a">LV</subfield>
    <subfield code="b">LV</subfield>
    <subfield code="c">Pensamiento</subfield>
    <subfield code="d">2019-08-22</subfield>
    <subfield code="l">0</subfield>
    <subfield code="o">026.7 B275c</subfield>
    <subfield code="p">004718</subfield>
    <subfield code="r">2019-08-22 00:00:00</subfield>
    <subfield code="w">2019-08-22</subfield>
    <subfield code="y">01</subfield>
  </datafield>
</record>
